Fish Species - Statistics

General Stats
  • This quiz has been taken 253 times
  • The average score is 9 of 15
Answer Stats
Picture Answer % Correct
Catfish
95%
Tuna
91%
Clown Fish
89%
Koi
88%
Salmon
83%
Trout
81%
Barracuda
79%
Grouper
62%
Bass
58%
Stone Fish
58%
Mackerel
49%
Common Carp
35%
Tiger Fish
31%
Weever Fish
4%
Chubb
2%
No matching quizzes found
Score Distribution
Percent of People with Each Score
Percentile by Number Answered
Your Score History
You have not taken this quiz